Saint-Valentin - Quiz - Statistiques

Statistiques générales
  • Ce quiz a été pris 252 fois
  • Le résultat moyen est 5 sur 12
Statistiques - réponses
Indice Réponse % Correct
Partie du corps humain symbole de l'amour Cœur
100%
Fleurs emblème de la passion offertes lors de la Saint-Valentin {Roses} {rouges}
79%
Nourriture que l'on s'offre traditionnellement lors de cette fête Chocolat
73%
Les habitants de cette ville s'appellent les Valentinois et Valentinoises Valence
73%
Dieu romain souvent associé à cette fête Cupidon
59%
Pilote ayant remporté 6 fois le moto GP se prénommant Valentino Rossi
51%
L'Amour est un fleuve formant la frontière entre ces deux pays Chine
22%
Russie
21%
Valentina Terechkova est la première femme à l'avoir fait Aller dans l'espace
17%
Champion de France de cyclisme sur route en 2023 et vice-champion olympique en 2024 Valentin Madouas
9%
Arbre symbole de l'amour Amandier
2%
Fêtes romaines se déroulant du 13 au 15 février, ancêtres de la Saint-Valentin Lupercales
2%
Aucun quiz correspondant
Distribution des résultats
% des personnes avec chaque résultat
Percentile par nombre de réponses
Votre historique - résultats
Vous n’avez pas pris ce quiz